| 000 | 02055cam a22005054i 4500 | ||
|---|---|---|---|
| 003 | PE-LiUPU | ||
| 005 | 20250731172931.0 | ||
| 008 | 170621s2010 mau rb 001 0 eng d | ||
| 020 | _a9789004178328 | ||
| 035 | _a(Sirsi) a204431 | ||
| 040 |
_aPE-LiUPU _bspa _cPE-LiUPU _erda |
||
| 049 | _aPRUA | ||
| 082 | 0 | 4 |
_a234.1310973 _bT9 _222 |
| 245 | 0 | 0 |
_aTwo paradigms for divine healing : _bFred F. Bosworth, Kenneth E. Hagin, Agnes Sanford, and Francis MacNutt in dialogue / _cby Pavel Hejzlar. |
| 264 | 1 |
_aLeiden ; _aBoston : _bBrill, _c2010. |
|
| 300 |
_aix, 289 páginas ; _c25 centimetros. |
||
| 336 |
_atext _2rdacontent |
||
| 337 |
_aunmediated _2rdamedia |
||
| 338 |
_avolume _2rdacarrier |
||
| 490 | 0 |
_aGlobal Pentecostal and Charismatic studies, _x1876-2247 ; _vv. 4 |
|
| 504 | _aBibliografía : páginas 268-276. | ||
| 504 | _aÍndices: páginas 278-285. | ||
| 505 | 0 | _aAvailability of healing -- Healing in the atonement -- Human response to divine promisa -- God, human beings and satan -- Sacraments -- Medicine and self-care -- Healing inthe large scheme of things -- Conclusions. | |
| 526 | _aSEG42 | ||
| 526 | _aSEG41 | ||
| 526 | _aSEG40 | ||
| 526 | _aSEG39 | ||
| 526 | _aP94 | ||
| 526 | _aP87 | ||
| 526 | _aP86 | ||
| 526 | _aP85 | ||
| 526 | _aP77 | ||
| 526 | _aP76 | ||
| 526 | _aP35 | ||
| 650 | 0 |
_aCuración _xAspectos religiosos _xCristianismo. |
|
| 650 | 0 | _aSanación espiritual. | |
| 700 | 1 |
_aHejzlar, Pavel, _eeditor. |
|
| 910 |
_ajck _bjvq _cjpc _d20170621 |
||
| 942 |
_2ddc _cBOOK |
||
| 949 |
_a234.1310973 T9 _wDEWEY _c1 _i76242 _lCATALOGING _mBUL _p137.00 _r0 _sY _tBOOK _u2017-06-21 _xTEOLOGÍA _zTEOLOGÍA _0COMPRA _o.CIRCNOTE. El documento es de alto precio. _o.STAFF. Colección Teología |
||
| 994 |
_aC0 _bPEPRU |
||
| 596 | _a1 | ||
| 999 |
_a234.1310973 T9 _wDEWEY _c20786 _i76242 _f2021-11-10 _g4 _lCCODEBUL1 _mBUL _p137.00 _r0 _sY _tBOOK _u2017-6-21 _xTEOLOGIA _PP35 _0COMPRA _o.STAFF. Colección Teología _d20786 |
||
| 980 |
_81 _gALBERTO SANCHEZ Responsable de Automatización |
||